| 000 | 00733nam a2200229Ia 4500 | ||
|---|---|---|---|
| 003 | GCL | ||
| 008 | 140319s9999 xx 000 0 ara d | ||
| 040 |
_aGCL / _cGCL |
||
| 082 | 0 | 4 |
_a822.043 _bل ا |
| 100 | 1 | _aعلى جمال الدين عوض | |
| 245 | 1 | 0 |
_aاروسميث / _cعلى جمال الدين عوض |
| 700 | 1 | _aمحمود عزت موسى | |
| 700 | 1 | _aلويس، سنكلير | |
| 300 | _a597 ص | ||
| 490 |
_aسلسلة الجوائز العالمية _v0 |
||
| 650 | 0 | 4 | _aالادب |
| 650 | 0 | 4 | _aالادب الامريكى |
| 650 | 0 | 4 | _aالقصص الامريكية المترجمة |
| 650 | 0 | 4 | _aالادب الامريكى المترجم |
| 650 | 0 | 4 | _aالقصص الامريكية |
| 942 |
_2ddc _cBK |
||
| 999 |
_c41157 _d41157 |
||